000 01678nam a2200265Ia 4500
001 19365
003 GE_BSU
008 181216s||||||||xx |||||||||||||| ||und||
040 _cGE_BSU
080 _a663.2.013(075.8)
100 _aს. მესარქიშვილი, ფ. მაჭავარიანი, დ. ბოჭორიშვილი და სხვ
245 _aღვინის, შამპანურის და კონიაკის ქარხნების დაპროექტების საფუძვლები
245 _bდამხმ. სახელმძღვ. სას.-სამ. ინ-ტის მეღვინეობის ტექნოლოგიის სპეციალობის სტუდენტებისათვის
245 _cს. მესარქიშვილი საერთო რედ:
250 _aმე-2 გადამუშ. და შევს. გამოც.
260 _aთბილისი
260 _bგანათლება
260 _c1984
300 _a318გვ;ილ,22სმ.
300 _bბიბლიოგრ.: გვ. 312-314
653 _aმეღვინეობა
653 _aღვინის ქარხნების დაპროექტება - სახელმძღვანელოები უმაღლესი სასწავლებლებისათვის;
653 _aღვინის, შამპანურის და კონიაკის ქარხნების დაპროექტების საფუძვლები
942 _cBK
999 _c52347
_d52347